| 000 | 00997cam a2200265 a 4500 | ||
|---|---|---|---|
| 001 | 79077 | ||
| 003 | BD-RjUL | ||
| 005 | 20220807130716.0 | ||
| 008 | 211223s196? pk h b 00110 urd | ||
| 035 | _aBD-RjUL) 79077 | ||
| 040 |
_aDLC-R _cDLC-R _dDLC-R _dDLC _beng |
||
| 041 | _aurd | ||
| 082 |
_223 _a297.12551 _bABS 196? |
||
| 100 | 0 |
_a.Abū Dāʼūd Sulaymān ibn al-Ashʻath al-Sijistānī, _d817 or 818-889. _9250714 |
|
| 245 | 1 | 0 |
_aسنن ابی داود شریف مترجم اردو ;; Sunan Abī Dāwūd / _cأبو داود، سليمان بن الاشعث; مترجم وحيد الزمان, .;; 'abu dawud, sulayman bin aliashaeth,, _n817-889 |
| 260 |
_aKarachi: _bQuran Mahal; _c196? |
||
| 300 |
_av.; _c24 cm |
||
| 500 | _aTranslate Into Urdu [arabic-Urdu] | ||
| 505 | _aVol. 3.-- | ||
| 650 | 0 |
_aHadith _vTexts _vEarly works to 1800. _9250715 |
|
| 650 | 0 |
_aAbu Daud _9250716 |
|
| 700 |
_a مترجم وحيد الزمان _94327 |
||
| 942 |
_2ddc _cBK |
||
| 999 |
_c79077 _d79077 |
||